Pays du Commonwealth - Statistiques

Statistiques générales
  • Ce quiz a été pris 43 479 fois
  • Le résultat moyen est 24 sur 56
Statistiques - réponses
Date Pays % Correct
1926 Australie
89%
1926 Royaume-Uni
84%
1926 Canada
83%
1926 Nouvelle-Zélande
83%
1947 Inde
78%
1926 Afrique du Sud
77%
1970 Fidji
56%
1963 Kenya
53%
1947 Pakistan
53%
1964 Zambie
52%
1990 Namibie
48%
1961 Tanzanie
48%
1960 Nigeria
47%
1970 Tonga
47%
1966 Lesotho
46%
1970 Samoa
46%
1972 Bangladesh
45%
1962 Jamaïque
45%
1978 Tuvalu
45%
1966 Botswana
44%
1980 Vanuatu
43%
1966 Barbade
42%
1968 Eswatini
42%
1979 Sainte-Lucie
42%
1978 Îles Salomon
40%
1995 Mozambique
40%
1968 Nauru
40%
1979 Saint-Vincent-et- les-Grenadines
40%
1957 Ghana
39%
1983 Saint-Christophe- et-Niévès
39%
1979 Kiribati
38%
2009 Rwanda
38%
1981 Antigua-et-Barbuda
37%
1962 Ouganda
37%
1948 Sri Lanka
37%
1973 Bahamas
36%
1974 Grenade
35%
1978 Dominique
34%
1976 Seychelles
34%
1962 Trinité-et-Tobago
34%
1957 Malaisie
32%
1964 Malawi
32%
1975 Papouasie- Nouvelle-Guinée
32%
1995 Cameroun
31%
1966 Singapour
31%
2022 Togo
31%
1982 Maldives
29%
1968 Maurice
29%
1965 Gambie
28%
1981 Belize
27%
2022 Gabon
27%
1961 Sierra Leone
27%
1966 Guyana
23%
1964 Malte
23%
1984 Brunei
21%
1961 Chypre
20%
Aucun quiz correspondant
Distribution des résultats
% des personnes avec chaque résultat
Percentile par nombre de réponses
Votre historique - résultats
Vous n’avez pas pris ce quiz